Nazwij stop metali - Statystyki

Ogólne statystyki
  • Ten quiz został rozwiązany 883 razy
  • Średni wynik to 3 z 11
Statystyki odpowiedzi
Pierwiastki Zastosowania Stop % Poprawnych
żelazo + węgiel Budowa stal
91%
miedź + cyna Rzeźby, monety brąz
57%
miedź + cynk Dekoracje, instrumenty muzyczne mosiądz
48%
żelazo + chrom Naczynia kuchenne, sztućce {stal} {nierdzewna}
47%
złoto + miedź Biżuteria, iPhone 6S {różowe} złoto
23%
rtęć + inne Stomatologia amalgamat
19%
żelazo + wysoki poziom węgla Patelnie, bloki silnika, chłodnice, rury żeliwo
19%
ołów + cyna Tworzy wiązania między elementami metalu lut
16%
srebro + miedź Naczynia, instrumenty, biżuteria {srebro} {próby} 925
16%
złoto + srebro Monety starożytne, zwieńczenie piramidy, "zielone złoto" elektrum
10%
cyna + miedź + antymon Dekoracyjne przedmioty metalowe i zastawa stołowa pewter
5%
Nie znaleziono quizów pasujących do podanych kryteriów
Rozkład punktacji
Procent ludzi z każdym wynikiem
Percentyl według liczby udzielonych odpowiedzi
Twoja historia wyników
Nie rozwiązałeś tego quizu